[Event "IECG CF.2002.0.00036 email"]
[Site "IECG email"]
[Date "2002.10.22"]
[Round "?"]
[White "Bennetts, Tim"]
[Black "Salway, John"]
[Result "1-0"]
[WhiteElo "1083"]
[BlackElo "1040"]
[PlyCount "53"]
[EventDate "2002.10.22"]
[EventType "tourn (corr)"]
[EventRounds "6"]
[SourceTitle "Corr 2008"]
[Source "ChessBase"]
[SourceDate "2008.06.24"]
[SourceVersion "1"]
[SourceVersionDate "2008.06.24"]
[SourceQuality "1"]

1. d4 d5 2. c4 e6 3. Nc3 Nf6 4. Bg5 Be7 5. e3 Nbd7 6. Nf3 c6 7. Qc2 0-0 8. Bd3 a5 9. c5 b5 10. a3 Re8 11. 0-0 h6 12. Bf4 a4 13. Rfe1 Nh5 14. Be5 f6 15. Bd6 f5 16. g4 fxg4 17. Ne5 Nxe5 18. dxe5 Bh4 19. Bg6 g3 20. f4 d4 21. h3 g2 22. Red1 dxc3 23. Bxh5 Bf2+ 24. Qxf2 cxb2 25. Qxb2 Qh4 26. Bxe8 Qxh3 27. Qxg2 1-0

[Event "IECG QE.2001.0.00009"]
[Site "IECG email"]
[Date "2001.11.11"]
[Round "?"]
[White "Bennetts, Tim"]
[Black "Tolan, John"]
[Result "0-1"]
[WhiteElo "1200"]
[BlackElo "1251"]
[PlyCount "56"]
[EventDate "2001.11.11"]
[EventType "tourn (corr)"]
[EventRounds "6"]
[SourceTitle "Corr 2008"]
[Source "ChessBase"]
[SourceDate "2008.06.24"]
[SourceVersion "1"]
[SourceVersionDate "2008.06.24"]
[SourceQuality "1"]

1. c4 c5 2. Nf3 Nf6 3. Nc3 e6 4. d4 cxd4 5. Nxd4 d5 6. Qa4+ Bd7 7. Qb3 Nc6 8. e3 Na5 9. Qc2 Nxc4 10. Bxc4 dxc4 11. 0-0 Qc7 12. a3 Bd6 13. g3 a6 14. a4 0-0 15. Rd1 Rfd8 16. b3 e5 17. Nf3 Bg4 18. Kg2 cxb3 19. Qxb3 e4 20. Nd4 Bxd1 21. Nxd1 Rac8 22. Bb2 Be5 23. Rc1 Qd7 24. Nc3 Bxd4 25. exd4 Qxd4 26. Nb5 Qd2 27. Rxc8 Rxc8 28. Nd4 e3 0-1